banner-ar

النكت والعيون تفسير الماوردى / (Record no. 54430)

MARC details
000 -الفاتح
حقل البيانات ثابتة الطول 00611nam a2200181Ia 4500
008 - عناصر البيانات ثابتة الطول - معلومات عامة
حقل البيانات ثابتة الطول 140319s9999 xx 000 0 ara d
040 ## - مصدر الفهرسة
وكالة الفهرسة الأصلية GCL /
وكالة النسخ GCL
082 04 - رقم تصنيف ديوى العشرى
رقم التصنيف 227
رقم المادة اا
100 1# - المدخل الرئيسى - إسم شخصى
الإسم الشخصى ابى الحسن على بن محمد
245 10 - بيان العنوان
العنوان النكت والعيون تفسير الماوردى /
بيان المسئوليه,etc ابى الحسن على بن محمد
700 1# - المدخل الاضافى - اسم شخصى
الإسم الشخصى المارودى, ابو الحسن على البصرى
300 ## - الوصف المادى
التعداد 548 ص
490 ## - بيان السلسلة
عنوان السلسلة
650 04 - المدخل الاضافى بالموضوع-مصطلح موضوعى
مصطلح موضوعي القران - تفسير
942 ## - عناصر المدخل الإضافي( كوها)
مصدر التصنيف او مخطط الترفيف Dewey Decimal Classification
Koha [default] item type كتاب
260 ## - PUBLICATION, DISTRIBUTION, ETC. (IMPRINT)
-- [S.N] :
-- دار الكتب العلمية للنشر والتوزيع
Holdings
حالة التراجع حالة الفقد حالة تلف ليس للاعارة المكان المؤقت الموقع الحالى تاريخ الاكتساب اجمالي اﻻعارات رقم الطلب الباركود تاريخ اخر مشاهدة تاريخ تفعيل السعر نوع وعاء كوها مصدر التصنيف او خطة الترفيف
        مكتبة القاهرة الكبرى مكتبة القاهرة الكبرى 03/26/2014   227\اا 130896 03/26/2014 03/26/2014 كتاب  
        مكتبة القاهرة الكبرى مكتبة القاهرة الكبرى 12/30/2018   227 اا 165373 12/30/2018 12/30/2018 كتاب ddc
        مكتبة القاهرة الكبرى مكتبة القاهرة الكبرى 12/30/2018   227 اا 165374 12/30/2018 12/30/2018 كتاب ddc
        مكتبة القاهرة الكبرى مكتبة القاهرة الكبرى 12/30/2018   227 اا 165375 12/30/2018 12/30/2018 كتاب ddc
        مكتبة القاهرة الكبرى مكتبة القاهرة الكبرى 12/30/2018   227 اا 165376 12/30/2018 12/30/2018 كتاب ddc
        مكتبة القاهرة الكبرى مكتبة القاهرة الكبرى 12/30/2018   227 اا 165377 12/30/2018 12/30/2018 كتاب ddc

Powered By

EGPV